Countries with Tallest Waterfalls Quiz Stats

 Plays Quiz Updated Sep 24, 2018

Challenge
Share
Tweet
Embed
Score 0/25 Timer 04:00
10 Plays Today
Country % Correct
Olo'upena Falls - United States
97.9%
James Bruce Falls - Canada
94.7%
Andorinhas Falls - Brazil
90.2%
Cascada de Castaño Overo - Argentina
83%
Cascada de Piedra Volada - Mexico
79.1%
Cataratas Las Tres Hermanas - Peru
79%
Angel Falls - Venezuela
78.7%
Cascada de Ventisquero Colgante - Chile
78%
Kunchikal Falls - India
71.9%
Cascades de Trou de Fer - France (Réunion)
71.4%
Tugela Falls - South Africa
70.5%
Hannoki Falls - Japan
63.4%
Röthbachfall - Germany
63%
Country % Correct
Browne Falls - New Zealand
59.3%
Vivienne Falls - Kenya
56.3%
Cascada del Cinca - Spain
56.2%
Gietro Falls - Switzerland
54.9%
Vinnufossen - Norway
53.9%
Walcherfall - Austria
48.1%
Mutarazi Falls - Zimbabwe
44.7%
Karom Falls - Thailand
37%
Jinbar Waterfall - Ethiopia
29.2%
Aliwagwag Falls - Philippines
22.5%
Hidden Valley Falls - Belize
18.3%
Savica Falls- Slovenia
15.4%

You're not logged in!

Compare scores with friends on all Sporcle quizzes.
Join for Free
OR
Log In

You Might Also Like...

Show Comments

Extras

Top Quizzes Today


Score Distribution

Your Account Isn't Verified!

In order to create a playlist on Sporcle, you need to verify the email address you used during registration. Go to your Sporcle Settings to finish the process.

Report this User

Report this user for behavior that violates our Community Guidelines.

Details: